| 000 | 00594cmm a22001937 4500 | ||
|---|---|---|---|
| 001 | 0000023250 | ||
| 005 | 20151217161727.0 | ||
| 007 | co nga | ||
| 008 | 120921s xx b eng d | ||
| 040 |
_aKABU _cKABU |
||
| 110 | 2 |
_aThe Lay Readers Bible Society. _@0000182603 |
|
| 245 | 0 | 4 |
_aThe Exodus story _h[computer file] / _cThe Lay Readers Bible Society. |
| 260 | _bLay Readers Bible Society. | ||
| 300 |
_a1 computer laser optical disk ; _c4 3/4 in. |
||
| 650 | 0 |
_aExodus. _@0000182604 |
|
| 908 | _a120921 | ||
| 950 | _@1 | ||
| 999 |
_c15577 _d15577 |
||